[Event "Challenge"]
[Site "http://www.queenalice.com/game.php?id=1025872"]
[Date "2012.2.4"]
[Round "-"]
[White "Reicp"]
[Black "JBLOKO"]
[Result "0-1"]
[WhiteElo "1691"]
[BlackElo "1625"]

1. e4 e5 2. Nf3 Nc6 3. Nc3 Nd4 4. Nxd4 exd4 5. Nb5 Qh4 6. Nxc7+ Kd8 7. Nxa8
Qxe4+ 8. Qe2 Qxe2+ 9. Bxe2 d5 10. c4 Be6 11. c5 Bxc5 12. d3 Ne7 13. Bf4 Kd7 14.
Nc7 Bb4+ 15. Kf1 g5 16. Nxe6 gxf4 17. Nxf4 Rc8 18. g3 Kd6 19. Kg2 Bd2 20. Nh5
Ke5 21. Rhd1 Rc2 22. b3 b5 23. Nf4 Ng6 24. Nxg6+ hxg6 25. Rf1 Bc3 26. Bd1 Rd2
27. Re1+ Kd6 28. Rc1 Rxd3 29. Be2 Rd2 30. a3 Rb2 31. Rb1 Ra2 32. Bxb5 Bxe1 33.
Rxe1 Rxa3 34. Rb1 Kc5 35. Be8 Kb4 36. Bxf7 Rxb3 37. Rxb3+ Kxb3 38. Bxg6 Kc3 39.
Kf1 d3 40. f4 a5 41. Bf7 d4 42. f5 d2 43. Bh5 a4 44. f6 a3 45. f7 a2 46. f8=Q
a1=Q+ 47. Kg2 d1=Q 48. Bxd1 Qxd1 49. Qc8+ Kd2 50. Qc4 d3 51. Qf4+ Kc2 52. Qf2+
Qd2 53. Qxd2+ Kxd2 54. h4 Ke3 55. h5 d2 56. Kf1 d1=Q+ 57. Kg2 Qf3+ 58. Kh3 Qxh5+
59. Kg2 Qg4 60. Kh2 Kf3 61. Kh1 Qh3+ 62. Kg1 Qg2# 0-1

[Event "Challenge"]
[Site "http://www.queenalice.com/game.php?id=1055616"]
[Date "2012.5.3"]
[Round "-"]
[White "Reicp"]
[Black "JBLOKO"]
[Result "0-1"]
[WhiteElo "1664"]
[BlackElo "1656"]

1. e4 e5 2. Nf3 Bc5 3. Nxe5 Qh4 4. g3 Qxe4+ 5. Qe2 Qxe2+ 6. Bxe2 Bd4 7. Nf3 Bf6
8. Nc3 c6 9. d3 Na6 10. Bg5 Bxg5 11. Nxg5 Nb4 12. O-O-O d5 13. d4 Bf5 14. Bd3
Nxd3+ 15. cxd3 f6 16. Nf3 O-O-O 17. Nh4 Bg4 18. Rde1 g5 19. Ng2 Bf3 20. Rhg1 Kc7
21. Ne3 Ne7 22. g4 b5 23. Rg3 b4 24. Na4 Bxg4 25. Rxg4 h6 26. Nc5 Kb6 27. Nc2 h5
28. Rgg1 Nf5 29. Nxb4 Nxd4 30. Nb3 Nf3 31. Re6 Nxg1 32. Nxc6 Rde8 33. Ne7+ Kb7
34. Nc5+ Ka8 35. Ng6 Rxe6 36. Nxe6 Rc8+ 37. Kd2 Nf3+ 38. Ke3 Nxh2 39. Ne7 Rc2
40. Nxd5 Ng4+ 41. Ke4 Rxf2 42. Ndc7+ Kb7 43. Kd5 Rd2 44. d4 h4 45. Kd6 h3 46.
Nd8+ Kc8 47. Nc6 h2 48. Nxa7+ Kb7 49. Nab5 h1=Q 50. Nd5 Rxb2 51. Nbc7 Rxa2 52.
Nb5 Ra6+ 53. Kc5 Rc6+ 54. Kb4 Qb1+ 55. Ka4 Ra6# 0-1

[Event "Challenge"]
[Site "http://www.queenalice.com/game.php?id=1060711"]
[Date "2012.5.17"]
[Round "-"]
[White "Maraz"]
[Black "Reicp"]
[Result "0-1"]
[WhiteElo "1444"]
[BlackElo "1656"]

1. e4 e5 2. Nf3 Nc6 3. c3 Nf6 4. Nh4 Nxe4 5. Nf5 Qf6 6. Qe2 Qxf5 7. g4 Qg6 8. d3
Nc5 9. Na3 Nxd3+ 10. Kd1 Nxc1 11. Kxc1 d5 12. Nb5 Qg5+ 13. Kd1 Bxg4 14. f3 Bd7
15. h4 Qd8 16. f4 e4 17. c4 dxc4 18. Qxe4+ Be6+ 19. Ke1 Bb4+ 20. Kf2 Qd2+ 21.
Be2 O-O-O 22. Rhd1 Bc5+ 23. Kf3 Qxb2 24. Rab1 Qxa2 25. f5 Rxd1 26. Rxd1 Qb3+ 27.
Kf4 Qxb5 28. fxe6 Bd6+ 29. Ke3 f5 30. Bxc4 Qc5+ 31. Rd4 fxe4 32. e7 Qxd4+ 33.
Ke2 Qxc4+ 34. Ke3 Qd3+ 35. Kf2 Qf3+ 36. Ke1 Bg3+ 37. Kd2 Qd3+ 38. Kc1 Bf4+ 39.
Kb2 Be5+ 40. Ka2 Nb4# 0-1

[Event "Challenge"]
[Site "http://www.queenalice.com/game.php?id=1063052"]
[Date "2012.5.23"]
[Round "-"]
[White "Reicp"]
[Black "Maraz"]
[Result "0-1"]
[WhiteElo "1683"]
[BlackElo "1417"]

1. e4 e5 2. Nf3 g5 3. Nxe5 d6 4. Nf3 g4 5. Nd4 Nf6 6. Nc3 Nc6 7. Nxc6 bxc6 8. d3
h5 9. h4 Bh6 10. Bxh6 Rxh6 11. Qd2 Ng8 12. O-O-O Ba6 13. g3 Rb8 14. d4 c5 15.
Bxa6 c6 16. dxc5 Qa5 17. Bf1 Qxc5 18. Na4 Qe5 19. Re1 c5 20. f4 Qe6 21. f5 Qxa2
22. Qa5 Rxb2 23. Qc3 Rb1+ 24. Kd2 Rb4 25. Ra1 Rd4+ 26. Ke1 Rxe4+ 27. Kf2 Qd5 28.
Bg2 Qxf5+ 29. Kg1 Rf6 30. Kh2 Rf4 31. gxf4 g3+ 32. Kg1 Qxf4 33. Rf1 Qg4 34. Qxf6
Nxf6 35. Rxf6 Qd4+ 36. Kf1 Qd1# 0-1

[Event "Challenge"]
[Site "http://www.queenalice.com/game.php?id=1086369"]
[Date "2012.7.24"]
[Round "-"]
[White "Reicp"]
[Black "Maraz"]
[Result "1-0"]
[WhiteElo "1648"]
[BlackElo "1507"]

1. e4 d5 2. exd5 Qxd5 3. Nh3 Bxh3 4. Nc3 Bxg2 5. Nxd5 Bxd5 6. f3 Nf6 7. d3 g5 8.
Bxg5 Nfd7 9. Qd2 Bxf3 10. Rg1 Rg8 11. Bg2 h6 12. Bxf3 hxg5 13. Bxb7 Nb6 14. Bxa8
Nxa8 15. O-O-O Nc6 16. Rxg5 Bh6 17. Rxg8+ Bf8 18. d4 e6 19. d5 exd5 20. Qxd5 Ne7
21. Qd8# 1-0

[Event "Challenge"]
[Site "http://www.queenalice.com/game.php?id=1086370"]
[Date "2012.7.24"]
[Round "-"]
[White "Maraz"]
[Black "Reicp"]
[Result "0-1"]
[WhiteElo "1490"]
[BlackElo "1646"]

1. d4 d5 2. Nc3 Nf6 3. Nf3 Bf5 4. Bf4 Nc6 5. Nb5 Rc8 6. c3 e6 7. Qa4 Be7 8.
O-O-O Ne4 9. Nxc7+ Rxc7 10. Bxc7 Qxc7 11. e3 Nxf2 12. Bb5 Nxh1 13. Bxc6+ bxc6
14. Rxh1 O-O 15. Ne5 Bg5 16. Re1 f6 17. Nxc6 e5 18. Rf1 Bxe3+ 19. Kd1 exd4 20.
Rxf5 Qxh2 21. Ne7+ Kf7 22. Qd7 Qg1+ 23. Kc2 Qc1+ 24. Kb3 Rb8+ 25. Ka4 Qxb2 26.
Nxd5+ Kg6 27. Ne7+ Kh6 28. g4 Qxa2# 0-1

[Event "OS INCLIVEIS"]
[Site "http://www.queenalice.com/game.php?id=1095641"]
[Date "2012.8.22"]
[Round "-"]
[White "adelio"]
[Black "Reicp"]
[Result "1-0"]
[WhiteElo "1749"]
[BlackElo "1658"]

1. f4 e6 2. e4 d5 3. e5 Nc6 4. d4 Bb4+ 5. c3 Ba5 6. b4 Bb6 7. a3 Nh6 8. Ra2 a5
9. g4 Qh4+ 10. Rf2 Nxg4 11. Qf3 Nxf2 12. Qxf2 1-0

[Event "Challenge"]
[Site "http://www.queenalice.com/game.php?id=1095823"]
[Date "2012.8.23"]
[Round "-"]
[White "JBLOKO"]
[Black "Reicp"]
[Result "1-0"]
[WhiteElo "1732"]
[BlackElo "1692"]

1. e4 e5 2. Nc3 Nf6 3. Bc4 d6 4. Qf3 Nc6 5. Nd5 Nd4 6. Qd3 c6 7. Nxf6+ Qxf6 8.
c3 Ne6 9. g3 Nc5 10. Qe3 Be7 11. d4 exd4 12. cxd4 Ne6 13. d5 cxd5 14. exd5 Nc5
15. h3 O-O 16. Ne2 Re8 17. O-O Bxh3 18. Rd1 Na4 19. Nd4 Rac8 20. Bb5 Bd7 21.
Bxd7 Nb6 22. Bxe8 Rxe8 23. Qe2 h6 24. Rb1 a6 25. Be3 Nxd5 26. Bc1 Nb4 27. a3 Qg6
28. Bf4 Nd5 29. Qf3 Nxf4 30. Qxf4 Bg5 31. Qf3 b5 32. Kg2 f5 33. Re1 Rxe1 34.
Rxe1 Qf6 35. Nxf5 g6 36. Re8+ Kf7 37. Re7+ Kf8 38. Qa8# 1-0

[Event "Challenge"]
[Site "http://www.queenalice.com/game.php?id=1095825"]
[Date "2012.8.23"]
[Round "-"]
[White "Reicp"]
[Black "JBLOKO"]
[Result "0-1"]
[WhiteElo "1656"]
[BlackElo "1687"]

1. e4 e5 2. Nf3 Nc6 3. Nc3 Nf6 4. Bc4 h6 5. O-O Bc5 6. d3 d6 7. d4 exd4 8. Nxd4
Nxd4 9. Be3 Ng4 10. f3 Nxe3 11. Qe2 Nxe2+ 12. Nxe2 Nxc2+ 13. Kh1 Nxa1 14. Rxa1
Qf6 15. Nc3 Qd4 16. b3 Qxc3 17. Rd1 O-O 18. h3 Be6 19. Bxe6 fxe6 20. Kh2 Qe5+
21. Kh1 a5 22. b4 axb4 0-1

[Event "Challenge"]
[Site "http://www.queenalice.com/game.php?id=1106826"]
[Date "2012.9.27"]
[Round "-"]
[White "Maraz"]
[Black "Reicp"]
[Result "0-1"]
[WhiteElo "1516"]
[BlackElo "1641"]

1. d4 d5 2. Nf3 Nc6 3. b4 Nxb4 4. a3 Nc6 5. Ne5 Nxe5 6. a4 Nc6 7. e3 Nf6 8. Nc3
a5 9. Nb5 e6 10. Ba3 Bxa3 11. Rxa3 O-O 12. f3 e5 13. dxe5 Nxe5 14. Qd4 Nc4 15.
Rc3 c6 16. Na3 Nxa3 17. Rxa3 Qd6 18. Rd3 Bf5 19. Rb3 Bxc2 20. Rxb7 c5 21. Qc3
Bxa4 22. Bd3 d4 23. exd4 cxd4 24. Qa1 Rfe8+ 25. Kd2 Qf4# 0-1

[Event "Challenge"]
[Site "http://www.queenalice.com/game.php?id=1113740"]
[Date "2012.10.18"]
[Round "-"]
[White "Lazarus"]
[Black "Reicp"]
[Result "0-1"]
[WhiteElo "1639"]
[BlackElo "1669"]

1. e4 e5 2. f4 exf4 3. Nf3 Nc6 4. Bc4 Nh6 5. O-O Bc5+ 6. d4 Bd6 7. e5 Bb4 8.
Bxf4 d5 9. exd6 cxd6 10. Ng5 O-O 11. Qf3 Nxd4 12. Qf2 Bc5 13. Kh1 Ne6 14. Nc3
Bxf2 15. Rxf2 Nxf4 16. Rxf4 Qxg5 17. Raf1 Be6 18. Bd3 Ng4 19. Be2 Ne3 20. R1f3
Qxg2# 0-1

[Event "Challenge"]
[Site "http://www.queenalice.com/game.php?id=1113741"]
[Date "2012.10.18"]
[Round "-"]
[White "Reicp"]
[Black "Lazarus"]
[Result "1-0"]
[WhiteElo "1652"]
[BlackElo "1684"]

1. e4 c5 2. Na3 Nc6 3. Nf3 d6 4. d3 Nf6 5. Bg5 g6 6. Bxf6 exf6 7. Qd2 Bg7 8.
O-O-O Qb6 9. Nc4 Qa6 10. a3 O-O 11. Nxd6 f5 12. d4 Nb4 13. Bxa6 bxa6 14. dxc5
Nc6 15. exf5 Rb8 16. b3 Bxf5 17. Nxf5 gxf5 18. Qd6 1-0

[Event "Challenge"]
[Site "http://www.queenalice.com/game.php?id=1116466"]
[Date "2012.10.27"]
[Round "-"]
[White "Reicp"]
[Black "Maraz"]
[Result "1-0"]
[WhiteElo "1684"]
[BlackElo "1474"]

1. e4 e5 2. Nf3 d6 3. Nc3 Nf6 4. Bb5+ c6 5. Ba4 b5 6. Bb3 Bg4 7. d3 d5 8. exd5
cxd5 9. Nxb5 Qa5+ 10. Nc3 d4 11. Ba4+ Kd8 12. O-O dxc3 13. b3 e4 14. dxe4+ Nbd7
15. e5 Bxf3 16. Qxf3 Nd5 17. Qxf7 Bb4 18. Qxd7# 1-0

[Event "Challenge"]
[Site "http://www.queenalice.com/game.php?id=1116468"]
[Date "2012.10.27"]
[Round "-"]
[White "Maraz"]
[Black "Reicp"]
[Result "0-1"]
[WhiteElo "1440"]
[BlackElo "1685"]

1. e4 e5 2. Nf3 Nc6 3. Nc3 Nf6 4. d4 exd4 5. Nd5 Nxd5 6. exd5 Na5 7. b4 Bxb4+ 8.
Bd2 Bxd2+ 9. Qxd2 c5 10. Ne5 O-O 11. Bd3 d6 12. Nf3 Re8+ 13. Kf1 c4 14. Bxh7+
Kxh7 15. Ng5+ Kg8 16. Qf4 Rf8 17. Qh4 Qxg5 18. Qxg5 f6 19. Qg6 d3 20. h4 f5 21.
h5 Rf6 22. Qe8+ Kh7 23. h6 Rxh6 24. Rxh6+ Kxh6 25. Qh8+ Kg6 26. Re1 dxc2 27. Rc1
f4 28. g4 fxg3 29. fxg3 b5 30. Rxc2 Bb7 31. g4 Rxh8 32. Re2 Bxd5 33. Re7 c3 34.
Rxa7 Nc4 35. Rb7 Bxb7 36. a4 c2 37. axb5 c1=Q+ 38. Kf2 Nd2 39. b6 Rf8+ 40. Kg3
Qg1+ 41. Kh4 Rh8# 0-1

[Event "Challenge"]
[Site "http://www.queenalice.com/game.php?id=1120836"]
[Date "2012.11.10"]
[Round "-"]
[White "Reicp"]
[Black "Maraz"]
[Result "1-0"]
[WhiteElo "1678"]
[BlackElo "1447"]

1. e4 e5 2. Nf3 Nc6 3. Nc3 Nd4 4. Nxe5 Qf6 5. Nf3 Bc5 6. d3 g5 7. Bxg5 Nxf3+ 8.
gxf3 Qxg5 9. Nd5 Qh4 10. d4 Bd6 11. e5 c6 12. exd6 cxd5 13. Qe2+ Kf8 14. O-O-O
a5 15. Qe5 b5 16. Qxh8 f6 17. Rg1 Qh6+ 18. Kb1 Kf7 19. Qxg8# 1-0

[Event "Challenge"]
[Site "http://www.queenalice.com/game.php?id=1122771"]
[Date "2012.11.16"]
[Round "-"]
[White "JBLOKO"]
[Black "Reicp"]
[Result "1-0"]
[WhiteElo "1689"]
[BlackElo "1663"]

1. e4 e5 2. Nc3 Nf6 3. Bc4 Nc6 4. Nf3 Bb4 5. Ng5 Bxc3 6. dxc3 d5 7. exd5 Na5 8.
Bb5+ c6 9. dxc6 Qxd1+ 10. Kxd1 bxc6 11. Bd3 Ng4 12. Ke1 h6 13. Nf3 O-O 14. h3 e4
15. Be2 exf3 16. gxf3 Nf6 17. b4 Nb7 18. h4 Re8 19. Rg1 Nd6 20. Bxh6 Nh5 21. Kd1
Nf5 22. Bg5 f6 23. Bd2 Nd6 24. Bd3 Bf5 25. Re1 Rxe1+ 26. Bxe1 Bxd3 27. cxd3 Nf4
28. Kc2 Re8 29. Bd2 Re2 30. Re1 Rxe1 31. Bxe1 Ng2 32. Bd2 Nxh4 33. f4 Nf3 34. c4
Nxd2 35. Kxd2 Nf5 36. a4 Nd4 37. b5 cxb5 38. axb5 Nb3+ 39. Kc3 Nc5 40. d4 Ne4+
41. Kb4 Nxf2 42. Ka5 Ne4 43. Ka6 Nd6 44. c5 Nc8 45. Kb7 Ne7 46. c6 Nd5 47. c7
Nxf4 48. c8=Q+ Kh7 49. Qf5+ g6 50. Qxf4 Kg7 51. Kxa7 g5 52. Qf5 Kf7 53. b6 Kg7
54. b7 Kf7 55. b8=Q Kg7 56. Qc7+ Kh6 57. Qch7# 1-0

[Event "Challenge"]
[Site "http://www.queenalice.com/game.php?id=1122772"]
[Date "2012.11.16"]
[Round "-"]
[White "Reicp"]
[Black "JBLOKO"]
[Result "1-0"]
[WhiteElo "1691"]
[BlackElo "1746"]

1. e4 e5 2. Nf3 Nc6 3. Nc3 Bc5 4. Bc4 Nh6 5. d3 Ng4 6. Be3 Nxe3 7. fxe3 Bxe3 8.
Nd5 Bd4 9. c3 Bc5 10. d4 exd4 11. cxd4 Bb4+ 12. Nxb4 Nxb4 13. Ne5 d5 14. exd5
Nxd5 15. Bxd5 Qxd5 16. O-O O-O 17. a3 Be6 18. Rc1 c6 19. Rc5 Qe4 20. Nf3 f6 21.
Re1 Qg4 22. h3 Qg6 23. Rxe6 Qf7 24. Re1 Rae8 25. Rxe8 Rxe8 26. d5 Rd8 27. Nd4
Rxd5 28. Rxd5 Qxd5 29. b4 b5 30. Qg4 Kf7 31. Nf5 g6 32. Ne3 f5 33. Qf4 Qd7 34.
g4 g5 35. Qxg5 Ke8 36. Nxf5 Qd1+ 37. Kg2 Qd5+ 38. Kg3 Qd7 39. Qg8# 1-0

[Event "Challenge"]
[Site "http://www.queenalice.com/game.php?id=1126077"]
[Date "2012.11.26"]
[Round "-"]
[White "Reicp"]
[Black "Maraz"]
[Result "1-0"]
[WhiteElo "1709"]
[BlackElo "1458"]

1. e4 e5 2. Nf3 Qf6 3. Nc3 c6 4. d3 Bc5 5. Bg5 Qe6 6. d4 f6 7. dxc5 fxg5 8. Nxg5
Qf6 9. Nf3 g5 10. g4 Na6 11. Bxa6 bxa6 12. Qd2 Qxf3 13. Rg1 Nh6 14. Qxg5 Nf7 15.
Qd2 h5 16. gxh5 d5 17. exd5 Bh3 18. dxc6 Rc8 19. Rd1 Rd8 20. c7 Rxd2 21. c8=Q+
Nd8 22. Rxd2 Bxc8 23. Rd3 Qxh5 24. h3 Bxh3 25. Nd5 Rf8 26. Nc7+ Ke7 27. Rgg3 Bf5
28. Nd5+ Ke8 29. Nc7+ Kf7 30. Rd2 Qh1+ 31. Ke2 Qe4+ 32. Re3 Qg4+ 33. Ke1 Qh5 34.
Rxe5 Qh1+ 35. Ke2 Bg4+ 36. Ke3 Nc6 37. Re4 Bf5 38. Rf4 Qh3+ 39. f3 Rd8 40. Rxd8
Ne5 41. Rd5 Ng4+ 42. Kd4 Qh8+ 43. Kc4 Ne3+ 44. Kb3 Qb8+ 45. Kc3 Qxc7 46. Rfxf5+
Ke6 47. Rde5+ Kd7 48. Rf7+ Kc6 49. Rxc7+ Kxc7 50. Rxe3 Kc6 51. Kc4 a5 52. Re6+
Kc7 53. Kb5 a6+ 54. Kxa5 Kb7 55. c6+ Ka8 56. Kb6 Kb8 57. c7+ Kc8 58. Re8+ Kd7
59. c8=Q+ Kd6 60. Qd8# 1-0

[Event "Challenge"]
[Site "http://www.queenalice.com/game.php?id=1126078"]
[Date "2012.11.26"]
[Round "-"]
[White "Maraz"]
[Black "Reicp"]
[Result "1-0"]
[WhiteElo "1452"]
[BlackElo "1715"]

1. e4 e5 2. Bc4 Qf6 3. Qf3 Qxf3 4. gxf3 Nc6 5. Nc3 Nd4 6. Bb3 Nxb3 7. axb3 d6 8.
Nd5 Kd8 9. d3 Be6 10. Nb4 d5 11. exd5 Bxb4+ 12. c3 Bxc3+ 13. bxc3 Bxd5 14. c4
Bxf3 15. Nxf3 f6 16. h4 h5 17. Rg1 g5 18. hxg5 fxg5 19. Nxg5 Nh6 20. Ne4 Nf5 21.
Ng5 Kd7 22. Ra5 Rae8 23. Rxa7 b6 24. Bb2 Nd4 25. Bxd4 exd4+ 26. Kd2 Ra8 27. Nf7
Rhf8 28. Rxa8 Rxa8 29. Ne5+ Kd6 30. Rg5 h4 31. Nf3 h3 32. Rg6+ Kc5 33. Rh6 Ra2+
34. Ke1 Ra3 35. Nd2 b5 36. Rxh3 bxc4 37. dxc4 c6 38. f4 Kd6 39. Rh6+ Kc5 40. f5
Ra1+ 41. Ke2 Ra7 42. Rh8 Rf7 43. Ne4+ Kb4 44. Nd6 Re7+ 45. Kf3 Kxb3 46. f6 Re3+
47. Kf4 Re6 48. Ne8 d3 49. f7 d2 50. Rh1 Kxc4 51. f8=Q d1=Q 52. Rxd1 Rxe8 53.
Rc1+ Kd5 54. Qc5+ Ke6 55. Re1+ Kf7 56. Qc4+ Kf8 57. Qc5+ Kf7 58. Qf5+ Kg8 59.
Rg1+ Kh8 60. Qh5# 1-0

[Event "Challenge"]
[Site "http://www.queenalice.com/game.php?id=1153579"]
[Date "2013.2.19"]
[Round "-"]
[White "Reicp"]
[Black "Maraz"]
[Result "0-1"]
[WhiteElo "1688"]
[BlackElo "1464"]

1. e4 e5 2. Nf3 Qf6 3. Nc3 Nc6 4. Bc4 Bc5 5. d3 Nh6 6. Bg5 Qg6 7. Nd5 Ng4 8.
Nxc7+ Kf8 9. O-O Rb8 10. h3 Nf6 11. Bxf6 Qxf6 12. Nd5 Qg6 13. Nh4 Qg5 14. Nf5 d6
15. h4 Qg6 16. h5 Qg5 17. Qf3 Nd4 18. Qd1 g6 19. hxg6 hxg6 20. Nxd4 Qh6 21. f3
Bxd4+ 22. Rf2 Qh1# 0-1

[Event "Challenge"]
[Site "http://www.queenalice.com/game.php?id=1174146"]
[Date "2013.4.22"]
[Round "-"]
[White "Maraz"]
[Black "Reicp"]
[Result "1-0"]
[WhiteElo "1409"]
[BlackElo "1657"]

1. e4 e5 2. Nf3 Nc6 3. Bb5 a6 4. Ba4 b5 5. Bb3 Nf6 6. Ng5 d5 7. exd5 Nxd5 8. Qf3
f6 9. Bxd5 h6 10. Nf7 Qe7 11. Nxh8 Nd4 12. Bc6+ 1-0